[Event "Tashkent zt 3.4"]
[Site "Tashkent"]
[Date "2017.06.17"]
[Round "2"]
[White "Khusenkhojaev, Muhammad"]
[Black "Kakageldyev, Amanmurad"]
[Result "1-0"]
[WhiteElo "2424"]
[BlackElo "2376"]
[PlyCount "129"]
[EventDate "2017.06.16"]
[EventType "swiss"]
[EventRounds "9"]
[EventCountry "UZB"]
[SourceTitle "CBM 179 Extra"]
[Source "ChessBase"]
[SourceDate "2017.08.23"]
[SourceVersion "1"]
[SourceVersionDate "2017.08.23"]
[SourceQuality "1"]

1. Nf3 g6 2. g3 Bg7 3. d4 Nf6 4. Bg2 0-0 5. c4 d6 6. 0-0 Nc6 7. Nc3 a6 8. Bf4 Rb8 9. Rc1 Bd7 10. Qd2 b5 11. Nd5 e6 12. Nxf6+ Bxf6 13. cxb5 Rxb5 14. b3 Re8 15. Rfd1 Qb8 16. e4 e5 17. dxe5 Nxe5 18. Nxe5 Bxe5 19. Be3 a5 20. Rc2 a4 21. bxa4 Rb4 22. Rxc7 Bxa4 23. Rdc1 Rb1 24. Rxb1 Qxc7 25. Rc1 Qd7 26. Qd5 Rc8 27. Rxc8+ Qxc8 28. Bf1 Bc6 29. Qc4 Qa8 30. Bd3 d5 31. Qc5 Bg7 32. exd5 Bxd5 33. a4 Bf8 34. Qa7 Qc8 35. Qd4 Qe6 36. Bf1 Qf5 37. Qf4 Qb1 38. h4 Ba8 39. a5 Qb7 40. f3 Qd5 41. a6 Bc5 42. Qb8+ Kg7 43. Qb2+ Kf8 44. Bxc5+ Qxc5+ 45. Qf2 Qc6 46. Qe3 h5 47. a7 Kg7 48. Bg2 Qc7 49. Kh2 Kh7 50. Qf2 Qa5 51. Bf1 Qc3 52. Qa2 Kg7 53. f4 f6 54. Bg2 Qc8 55. Bxa8 Qxa8 56. Qa6 f5 57. Qa1+ Kh7 58. Kg1 Kh6 59. Qa5 Kg7 60. Qc7+ Kf6 61. Qb8 Qf3 62. a8Q Qxg3+ 63. Qg2 Qe1+ 64. Qf1 Qg3+ 65. Kh1 1-0

[Event "Moscow Aeroflot op-B 16th"]
[Site "Moscow"]
[Date "2017.02.26"]
[Round "6"]
[White "Konovalov, Nikolay"]
[Black "Kakageldyev, Amanmurad"]
[Result "1/2-1/2"]
[WhiteElo "2501"]
[BlackElo "2374"]
[PlyCount "93"]
[EventDate "2017.02.21"]
[EventType "swiss"]
[EventRounds "9"]
[EventCountry "RUS"]
[SourceTitle "CBM 177 Extra"]
[Source "ChessBase"]
[SourceDate "2017.04.27"]
[SourceVersion "1"]
[SourceVersionDate "2017.04.27"]
[SourceQuality "1"]

1. d4 d5 2. c4 c6 3. Nf3 Nf6 4. Qc2 dxc4 5. e4 b5 6. b3 cxb3 7. axb3 e6 8. Bd2 Bb7 9. Bd3 Be7 10. 0-0 a5 11. Rc1 h6 12. Bc3 Nbd7 13. Nbd2 0-0 14. Ra2 Bb4 15. Bxb4 axb4 16. Rxa8 Qxa8 17. e5 Nd5 18. Ne4 f5 19. exf6 N5xf6 20. Nc5 Nxc5 21. dxc5 Qb8 22. Re1 Qf4 23. Ne5 Qd4 24. h3 Qc3 25. Re3 Qxc2 26. Bxc2 Ra8 27. Bg6 Kf8 28. Nd3 Ke7 29. Nxb4 Ra1+ 30. Kh2 Rc1 31. Nc2 Nd5 32. Rf3 Nf6 33. b4 Bc8 34. Ra3 Bd7 35. Kg3 Rd1 36. Rd3 Rxd3+ 37. Bxd3 e5 38. f3 Nd5 39. Be4 Be8 40. h4 Kf6 41. Kf2 Bd7 42. g3 Ke6 43. Ke2 Be8 44. Kd3 g5 45. hxg5 hxg5 46. Kd2 Bd7 47. Kd3 1/2-1/2

[Event "Moscow Aeroflot op-B 16th"]
[Site "Moscow"]
[Date "2017.02.22"]
[Round "2"]
[White "Kakageldyev, Amanmurad"]
[Black "Sigfusson, Sigurdur Dadi"]
[Result "1/2-1/2"]
[WhiteElo "2374"]
[BlackElo "2226"]
[PlyCount "84"]
[EventDate "2017.02.21"]
[EventType "swiss"]
[EventRounds "9"]
[EventCountry "RUS"]
[SourceTitle "CBM 177 Extra"]
[Source "ChessBase"]
[SourceDate "2017.04.27"]
[SourceVersion "1"]
[SourceVersionDate "2017.04.27"]
[SourceQuality "1"]

1. d4 Nf6 2. c4 g6 3. Nc3 Bg7 4. e4 d6 5. Nge2 0-0 6. Ng3 e5 7. d5 a5 8. Be2 Na6 9. 0-0 Nc5 10. Be3 b6 11. Qd2 Re8 12. f3 Ba6 13. b3 Qe7 14. Rab1 Bc8 15. Bd1 Rf8 16. a3 Ne8 17. b4 Nd7 18. Bc2 Nb8 19. Rfe1 f6 20. Bd3 Qf7 21. Bf1 f5 22. exf5 gxf5 23. f4 axb4 24. axb4 Nd7 25. Be2 exf4 26. Bxf4 Ne5 27. Rf1 Ng6 28. Bh6 f4 29. Bxg7 Qxg7 30. Nh5 Qe5 31. Rbe1 Ra3 32. Nd1 f3 33. Bxf3 Raxf3 34. Rxf3 Qxh5 35. Rxf8+ Kxf8 36. Qf2+ Kg7 37. Rf1 Qe5 38. Qf7+ Kh6 39. h3 Bxh3 40. gxh3 Qg3+ 41. Kh1 Qxh3+ 42. Kg1 Qg3+ 1/2-1/2

[Event "Wch Seniors 65 26th"]
[Site "Marianske Lazne"]
[Date "2016.11.30"]
[Round "11"]
[White "Neckar, Lubomir"]
[Black "Kakageldyev, Amanmurad"]
[Result "1/2-1/2"]
[WhiteElo "2319"]
[BlackElo "2373"]
[PlyCount "70"]
[EventDate "2016.11.19"]
[EventType "swiss"]
[EventRounds "11"]
[EventCountry "CZE"]
[SourceTitle "CBM 175 Extra"]
[Source "ChessBase"]
[SourceDate "2016.12.12"]
[SourceVersion "1"]
[SourceVersionDate "2016.12.12"]
[SourceQuality "1"]

1. Nf3 d5 2. g3 Nf6 3. Bg2 c6 4. 0-0 Bf5 5. d3 e6 6. Nfd2 Bc5 7. e4 dxe4 8. dxe4 Bg4 9. Qe1 e5 10. Nb3 Bb6 11. Na3 Be6 12. Qc3 Nbd7 13. Nc4 Bxc4 14. Qxc4 0-0 15. a4 a5 16. Bd2 Qe7 17. Bc3 Rfe8 18. Rad1 Nc5 19. Nxc5 Bxc5 20. b3 Bb4 21. Bb2 Rad8 22. Qe2 h6 23. Rxd8 Rxd8 24. Rd1 Rxd1+ 25. Qxd1 Qd6 26. Qxd6 Bxd6 27. Kf1 Kf8 28. f3 Ke7 29. Bh3 Nd7 30. Bxd7 Kxd7 31. Ke2 b5 32. Kd3 Kc7 33. g4 g5 34. Bc3 Kb6 35. Be1 f6 1/2-1/2

[Event "Wch Seniors 65 26th"]
[Site "Marianske Lazne"]
[Date "2016.11.29"]
[Round "10"]
[White "Kakageldyev, Amanmurad"]
[Black "Karlik, Vladimir"]
[Result "1-0"]
[WhiteElo "2373"]
[BlackElo "2217"]
[PlyCount "101"]
[EventDate "2016.11.19"]
[EventType "swiss"]
[EventRounds "11"]
[EventCountry "CZE"]
[SourceTitle "CBM 175 Extra"]
[Source "ChessBase"]
[SourceDate "2016.12.12"]
[SourceVersion "1"]
[SourceVersionDate "2016.12.12"]
[SourceQuality "1"]

1. d4 d6 2. e4 g6 3. c4 Bg7 4. Nc3 Nf6 5. Nge2 0-0 6. Ng3 e5 7. d5 Ng4 8. f3 Nh6 9. Be2 f5 10. exf5 Nxf5 11. 0-0 Nd7 12. Nxf5 gxf5 13. f4 exf4 14. Bxf4 Ne5 15. Qd2 Bd7 16. Rae1 Kh8 17. Kh1 Qf6 18. Nd1 h6 19. b3 Nf7 20. Bd3 Ng5 21. Qc2 Rae8 22. Rxe8 Rxe8 23. Bd2 c6 24. Bc3 Qf7 25. Bxg7+ Kxg7 26. dxc6 bxc6 27. Qf2 a5 28. Qa7 Re5 29. Qd4 Qf6 30. Ne3 Ne4 31. Ng4 Qh4 32. Bxe4 fxg4 33. Qxd6 Rxe4 34. Qxd7+ Qe7 35. Qd2 a4 36. Qc3+ Kg8 37. bxa4 Qe6 38. Qb4 Rxc4 39. Qb3 Re4 40. a5 Qxb3 41. axb3 Rb4 42. Ra1 Rxb3 43. a6 Rb8 44. Kg1 Kf7 45. Kf2 Kg6 46. a7 Ra8 47. Ke3 Kf6 48. Kd4 g3 49. hxg3 Kf5 50. Kc5 Kg4 51. Ra3 1-0

[Event "Wch Seniors 65 26th"]
[Site "Marianske Lazne"]
[Date "2016.11.26"]
[Round "7"]
[White "Kakageldyev, Amanmurad"]
[Black "Stebbings, Anthony"]
[Result "1-0"]
[WhiteElo "2373"]
[BlackElo "2293"]
[PlyCount "79"]
[EventDate "2016.11.19"]
[EventType "swiss"]
[EventRounds "11"]
[EventCountry "CZE"]
[SourceTitle "CBM 175 Extra"]
[Source "ChessBase"]
[SourceDate "2016.12.12"]
[SourceVersion "1"]
[SourceVersionDate "2016.12.12"]
[SourceQuality "1"]

1. d4 Nf6 2. c4 e6 3. Nc3 Bb4 4. Qc2 b6 5. a3 Bxc3+ 6. Qxc3 Bb7 7. Bg5 h6 8. Bh4 g5 9. Bg3 Ne4 10. Qc2 d6 11. f3 Nxg3 12. hxg3 Nd7 13. e3 Qe7 14. Ne2 h5 15. Nc3 0-0-0 16. Be2 f5 17. 0-0-0 h4 18. gxh4 Rxh4 19. Rhg1 Nf6 20. Kb1 Kb8 21. Bd3 c5 22. Qf2 d5 23. Qg3+ Ka8 24. Qxg5 Rh5 25. Qf4 cxd4 26. exd4 Rhh8 27. Rge1 dxc4 28. Bxc4 Nd5 29. Bxd5 Bxd5 30. Qxf5 Qg7 31. Qc2 Rh2 32. Nxd5 exd5 33. Qc6+ Kb8 34. Re8 Rxe8 35. Qxe8+ Kb7 36. Rc1 Ka6 37. Qc8+ Kb5 38. Rc5+ bxc5 39. Qxc5+ Ka6 40. Qc6+ 1-0

[Event "Wch Seniors 65 26th"]
[Site "Marianske Lazne"]
[Date "2016.11.24"]
[Round "6"]
[White "Jorgensen, Jorgen"]
[Black "Kakageldyev, Amanmurad"]
[Result "1/2-1/2"]
[WhiteElo "2217"]
[BlackElo "2373"]
[PlyCount "70"]
[EventDate "2016.11.19"]
[EventType "swiss"]
[EventRounds "11"]
[EventCountry "CZE"]
[SourceTitle "CBM 175 Extra"]
[Source "ChessBase"]
[SourceDate "2016.12.12"]
[SourceVersion "1"]
[SourceVersionDate "2016.12.12"]
[SourceQuality "1"]

1. c4 g6 2. d4 Bg7 3. e4 d6 4. Nc3 Nc6 5. d5 Nd4 6. Nge2 c5 7. Be3 Qb6 8. Qd2 Bd7 9. Rb1 a5 10. f3 f5 11. Ng3 fxe4 12. Ngxe4 Nf6 13. Bd3 Nxe4 14. Nxe4 Nf5 15. Bf2 Qb4 16. Nc3 Bh6 17. f4 0-0 18. 0-0 e5 19. dxe6 Bxe6 20. Rfe1 Rae8 21. Re4 Bf7 22. a3 Qb6 23. Rxe8 Rxe8 24. Bxf5 gxf5 25. Nd5 Qd8 26. Rd1 Re4 27. Rc1 Bg7 28. b3 Qe8 29. Nc3 Re6 30. Qd3 Bd4 31. Rf1 Bxf2+ 32. Kxf2 Bg6 33. Nd5 Qd8 34. g3 Re4 35. Re1 Rxe1 1/2-1/2

[Event "Wch Seniors 65 26th"]
[Site "Marianske Lazne"]
[Date "2016.11.20"]
[Round "2"]
[White "Beltz, Robert"]
[Black "Kakageldyev, Amanmurad"]
[Result "0-1"]
[WhiteElo "2135"]
[BlackElo "2373"]
[PlyCount "54"]
[EventDate "2016.11.19"]
[EventType "swiss"]
[EventRounds "11"]
[EventCountry "CZE"]
[SourceTitle "CBM 175 Extra"]
[Source "ChessBase"]
[SourceDate "2016.12.12"]
[SourceVersion "1"]
[SourceVersionDate "2016.12.12"]
[SourceQuality "1"]

1. Nf3 g6 2. c4 Bg7 3. Nc3 d6 4. d4 Bg4 5. h3 Bxf3 6. exf3 Nc6 7. Be3 e5 8. dxe5 Bxe5 9. f4 Bxc3+ 10. bxc3 Qf6 11. Qb3 Nge7 12. Bd3 0-0 13. 0-0 b6 14. Be4 Na5 15. Qc2 Rad8 16. Qd3 Nf5 17. Bd2 c6 18. Rad1 Nxc4 19. Qxc4 d5 20. Bxd5 Rxd5 21. Be3 Rfd8 22. Rxd5 Rxd5 23. Re1 Qd6 24. Qe4 Qe6 25. Qc2 h5 26. Re2 Qd7 27. Rd2 Nxe3 0-1

[Event "Moscow VAO IM 07"]
[Site "Moscow"]
[Date "2014.??.??"]
[Round "?"]
[White "Kakageldyev, Amanmurad"]
[Black "Slavinsky, Petr"]
[Result "1-0"]
[WhiteElo "2379"]
[BlackElo "2085"]
[PlyCount "93"]
[EventDate "2014.07.06"]
[EventType "tourn"]
[EventRounds "9"]
[EventCountry "RUS"]
[EventCategory "6"]
[SourceTitle "EXT 2015"]
[Source "ChessBase"]
[SourceDate "2014.11.20"]
[SourceVersion "1"]
[SourceVersionDate "2014.11.20"]
[SourceQuality "1"]

1. d4 d5 2. c4 c6 3. Nf3 Nf6 4. Nc3 a6 5. cxd5 cxd5 6. Bf4 Nc6 7. e3 Nh5 8. Bg5 h6 9. Bh4 g5 10. Nd2 Ng7 11. Bg3 Nf5 12. Be2 Nxg3 13. hxg3 Bf5 14. Nb3 b6 15. g4 Bg6 16. Rc1 e6 17. Bd3 Ne7 18. Ne2 Bg7 19. Ng3 0-0 20. Bxg6 Nxg6 21. Qd3 Nh4 22. 0-0 f5 23. Nh5 fxg4 24. Qd1 Nf3+ 25. gxf3 gxf3 26. Qd3 Ra7 27. Qg6 Qd7 28. Nxg7 Qxg7 29. Qxg7+ Rxg7 30. Kh2 h5 31. Rg1 Rf5 32. Kg3 e5 33. dxe5 g4 34. e6 Re5 35. Nd4 Re4 36. Rh1 Rg5 37. Rc6 Kg7 38. Rxb6 Rge5 39. Rxa6 Kf6 40. Ra8 Rg5 41. Rf8+ Kg7 42. Rd8 Kf6 43. a4 Rg7 44. a5 Re7 45. a6 Ra7 46. Nc6 Rxe6 47. Nxa7 1-0

[Event "Moscow VAO IM 07"]
[Site "Moscow"]
[Date "2014.??.??"]
[Round "2"]
[White "Sychev, Klementy"]
[Black "Kakageldyev, Amanmurad"]
[Result "1-0"]
[WhiteElo "2385"]
[BlackElo "2379"]
[PlyCount "95"]
[EventDate "2014.07.06"]
[EventType "tourn"]
[EventRounds "9"]
[EventCountry "RUS"]
[EventCategory "6"]
[SourceTitle "EXT 2015"]
[Source "ChessBase"]
[SourceDate "2014.11.20"]
[SourceVersion "1"]
[SourceVersionDate "2014.11.20"]
[SourceQuality "1"]

1. b3 e5 2. Bb2 Nc6 3. e3 Nf6 4. Bb5 Bd6 5. Na3 Be7 6. Ne2 0-0 7. 0-0 d5 8. Ng3 Nb8 9. Be2 Ne8 10. Nb1 Nc6 11. Bb5 Bd6 12. c4 a6 13. Bxc6 bxc6 14. Qc2 e4 15. Nc3 Nf6 16. Nce2 Ng4 17. h3 Nf6 18. Nd4 Bd7 19. Ndf5 Ne8 20. d3 exd3 21. Qxd3 Be6 22. cxd5 cxd5 23. Rac1 f6 24. Rfd1 Bxg3 25. Nxg3 Rf7 26. Ne2 Rd7 27. Nd4 Bf7 28. Nc6 Qc8 29. Ba3 Kh8 30. Qc3 Nd6 31. Bxd6 Rxd6 32. Nd4 Rd7 33. Qa5 Re7 34. Rc5 Qb7 35. Rdc1 Qb6 36. Qa3 Rd7 37. Rb5 Qd6 38. Qxd6 cxd6 39. Rb6 a5 40. Rcc6 a4 41. b4 a3 42. Rxd6 Rc7 43. Rdc6 Rxc6 44. Rxc6 h5 45. b5 Bg6 46. Ra6 Rc8 47. Rxa3 Rc1+ 48. Kh2 1-0

[Event "Wch Seniors 23rd"]
[Site "Opatija"]
[Date "2013.11.21"]
[Round "9"]
[White "Nukin, Tolegen"]
[Black "Kakageldyev, Amanmurad"]
[Result "0-1"]
[WhiteElo "2208"]
[BlackElo "2384"]
[PlyCount "93"]
[EventDate "2013.11.12"]
[EventType "swiss"]
[EventRounds "11"]
[EventCountry "CRO"]
[SourceTitle "CBM 157 Extra"]
[Source "ChessBase"]
[SourceDate "2013.12.19"]
[SourceVersion "1"]
[SourceVersionDate "2013.12.19"]
[SourceQuality "1"]

1. Nf3 g6 2. c4 Bg7 3. Nc3 d6 4. g3 Nf6 5. Bg2 0-0 6. 0-0 Nc6 7. e4 Bg4 8. h3 Bxf3 9. Qxf3 Nd4 10. Qd1 c5 11. d3 Nd7 12. f4 e6 13. Rb1 Nb8 14. Kh1 Nbc6 15. a3 a6 16. b4 cxb4 17. axb4 b5 18. Bd2 Qe7 19. Re1 Qd7 20. Ne2 Rab8 21. Kh2 Rfc8 22. Ng1 Rc7 23. Nf3 Nxf3+ 24. Qxf3 Nd4 25. Qf1 Rbc8 26. Rec1 f5 27. exf5 gxf5 28. Be3 Qf7 29. Qf2 Qf6 30. Bf1 Kh8 31. Re1 e5 32. c5 dxc5 33. fxe5 Qd8 34. bxc5 Bxe5 35. Bg5 Qd5 36. Bg2 Qxc5 37. Rxe5 Qxe5 38. Bf4 Qf6 39. Bxc7 Rxc7 40. Qf4 Re7 41. Rc1 Kg7 42. Rc8 Ne6 43. Qd6 f4 44. g4 Kf7 45. Rc6 f3 46. Bxf3 Qf4+ 47. Kg1 0-1

[Event "Wch Seniors 23rd"]
[Site "Opatija"]
[Date "2013.11.20"]
[Round "8"]
[White "Kakageldyev, Amanmurad"]
[Black "Kierzek, Matthias"]
[Result "1/2-1/2"]
[WhiteElo "2384"]
[BlackElo "2250"]
[PlyCount "63"]
[EventDate "2013.11.12"]
[EventType "swiss"]
[EventRounds "11"]
[EventCountry "CRO"]
[SourceTitle "CBM 157 Extra"]
[Source "ChessBase"]
[SourceDate "2013.12.19"]
[SourceVersion "1"]
[SourceVersionDate "2013.12.19"]
[SourceQuality "1"]

1. d4 d5 2. c4 e6 3. Nc3 c5 4. cxd5 exd5 5. Nf3 Nc6 6. g3 Nf6 7. Bg2 Be7 8. 0-0 0-0 9. Bg5 c4 10. Ne5 Be6 11. e3 h6 12. Bxf6 Bxf6 13. f4 Ne7 14. g4 b5 15. a3 Rb8 16. Qf3 a5 17. f5 Bc8 18. Nxd5 Qxd5 19. Qxd5 Nxd5 20. Bxd5 Bxe5 21. dxe5 Re8 22. e6 fxe6 23. Bc6 Rf8 24. a4 bxa4 25. Rxa4 Rb6 26. Bg2 exf5 27. Rxa5 Bb7 28. Bxb7 Rxb7 29. Rc5 fxg4 30. Rxf8+ Kxf8 31. Rxc4 Rxb2 32. Rxg4 1/2-1/2

[Event "Wch Seniors 23rd"]
[Site "Opatija"]
[Date "2013.11.19"]
[Round "7"]
[White "Sloth, Jorn"]
[Black "Kakageldyev, Amanmurad"]
[Result "1/2-1/2"]
[WhiteElo "2338"]
[BlackElo "2384"]
[PlyCount "39"]
[EventDate "2013.11.12"]
[EventType "swiss"]
[EventRounds "11"]
[EventCountry "CRO"]
[SourceTitle "CBM 157 Extra"]
[Source "ChessBase"]
[SourceDate "2013.12.19"]
[SourceVersion "1"]
[SourceVersionDate "2013.12.19"]
[SourceQuality "1"]

1. Nf3 Nf6 2. c4 c6 3. Nc3 d5 4. e3 g6 5. d4 Bg7 6. Be2 0-0 7. 0-0 dxc4 8. Bxc4 Bg4 9. h3 Bxf3 10. Qxf3 Nbd7 11. Rd1 e5 12. dxe5 Nxe5 13. Qe2 Qe7 14. Bb3 Rfe8 15. Bd2 Ned7 16. Be1 Nc5 17. Bc2 Nfe4 18. Nxe4 Nxe4 19. Rab1 b5 20. Qd3 1/2-1/2

[Event "Wch Seniors 23rd"]
[Site "Opatija"]
[Date "2013.11.18"]
[Round "6"]
[White "Kakageldyev, Amanmurad"]
[Black "Karason, Askell Orn"]
[Result "1/2-1/2"]
[WhiteElo "2384"]
[BlackElo "2220"]
[PlyCount "114"]
[EventDate "2013.11.12"]
[EventType "swiss"]
[EventRounds "11"]
[EventCountry "CRO"]
[SourceTitle "CBM 157 Extra"]
[Source "ChessBase"]
[SourceDate "2013.12.19"]
[SourceVersion "1"]
[SourceVersionDate "2013.12.19"]
[SourceQuality "1"]

1. d4 d6 2. c4 e5 3. Nf3 e4 4. Nfd2 f5 5. e3 Nf6 6. f3 exf3 7. Nxf3 g6 8. Bd3 Bg7 9. 0-0 0-0 10. Nc3 Nc6 11. a3 a5 12. Qc2 Kh8 13. Bd2 Bd7 14. Rae1 Nh5 15. Ne2 g5 16. d5 Ne5 17. Nxe5 Bxe5 18. Bxf5 Bxf5 19. Rxf5 Rxf5 20. Qxf5 Ng7 21. Qf7 Qe8 22. Qxe8+ Rxe8 23. Nc3 g4 24. Rf1 Kg8 25. Nb5 c6 26. dxc6 bxc6 27. Nd4 c5 28. Nb5 Bxb2 29. Nxd6 Re6 30. Nb5 a4 31. Rb1 Be5 32. Rd1 Nf5 33. Bc1 g3 34. h3 Ba1 35. Bd2 Bg7 36. Rf1 Nxe3 37. Re1 Bd4 38. Bxe3 Bxe3+ 39. Kf1 h5 40. Nc7 Rf6+ 41. Ke2 Bd4 42. Kd3 Rf2 43. Re2 Rf1 44. Ne6 Bf2 45. Ke4 Ra1 46. Kf5 Rxa3 47. Rd2 Kf7 48. Rd7+ Ke8 49. Ra7 Bd4 50. Ke4 Re3+ 51. Kd5 a3 52. Nxd4 cxd4 53. Kxd4 Re2 54. Rxa3 Rxg2 55. h4 Ke7 56. Ke4 Rc2 57. Rxg3 Rxc4+ 1/2-1/2

[Event "Wch Seniors 23rd"]
[Site "Opatija"]
[Date "2013.11.15"]
[Round "4"]
[White "Acers, Jude Frazer"]
[Black "Kakageldyev, Amanmurad"]
[Result "0-1"]
[WhiteElo "2230"]
[BlackElo "2384"]
[PlyCount "96"]
[EventDate "2013.11.12"]
[EventType "swiss"]
[EventRounds "11"]
[EventCountry "CRO"]
[SourceTitle "CBM 157 Extra"]
[Source "ChessBase"]
[SourceDate "2013.12.19"]
[SourceVersion "1"]
[SourceVersionDate "2013.12.19"]
[SourceQuality "1"]

1. e4 g6 2. e5 Bg7 3. Nf3 d6 4. exd6 cxd6 5. d4 Nf6 6. Bb5+ Nbd7 7. 0-0 0-0 8. Re1 a6 9. Ba4 b5 10. Bb3 Bb7 11. a4 e6 12. Nbd2 bxa4 13. Bxa4 Nb6 14. Bb3 Qc7 15. c3 a5 16. Ng5 a4 17. Bc2 a3 18. Bb3 axb2 19. Bxb2 Rxa1 20. Bxa1 Qc6 21. f3 d5 22. f4 Ra8 23. Ndf3 Ne4 24. Ne5 Bxe5 25. Nxe4 Bxf4 26. Nf6+ Kg7 27. Qf3 Qc7 28. Ng4 h5 29. Ne5 Bxe5 30. dxe5 Nd7 31. Bc2 Qc5+ 32. Kh1 Nxe5 33. Qg3 Nc4 34. Bd3 Ra2 35. h3 Qf2 36. Qxf2 Rxf2 37. Rb1 Bc6 38. Re1 Ra2 39. Kh2 h4 40. Kg1 f5 41. Be2 Ba4 42. Kf2 Kf6 43. Kf3 Bc2 44. Bxc4 dxc4 45. Ke3 Bd3 46. Rg1 e5 47. Re1 f4+ 48. Kf3 Kf5 0-1

[Event "Wch Seniors 23rd"]
[Site "Opatija"]
[Date "2013.11.13"]
[Round "2"]
[White "Vokoun, Jan"]
[Black "Kakageldyev, Amanmurad"]
[Result "1/2-1/2"]
[WhiteElo "2185"]
[BlackElo "2384"]
[PlyCount "117"]
[EventDate "2013.11.12"]
[EventType "swiss"]
[EventRounds "11"]
[EventCountry "CRO"]
[SourceTitle "CBM 157 Extra"]
[Source "ChessBase"]
[SourceDate "2013.12.19"]
[SourceVersion "1"]
[SourceVersionDate "2013.12.19"]
[SourceQuality "1"]

1. e4 g6 2. d4 Bg7 3. Nc3 d6 4. Be2 c6 5. Be3 Nf6 6. h4 h5 7. f3 Qa5 8. Qd2 b5 9. a3 0-0 10. Nh3 Bxh3 11. Rxh3 Nbd7 12. Kf2 e5 13. d5 cxd5 14. Nxd5 Qxd2 15. Nxf6+ Nxf6 16. Bxd2 Rfc8 17. c3 Rab8 18. Rhh1 d5 19. exd5 Nxd5 20. Rhd1 a6 21. a4 bxa4 22. Bc1 Nb6 23. Bxa6 Rc7 24. f4 Nc4 25. Bxc4 Rxc4 26. fxe5 Bxe5 27. Rd5 Bf4 28. Rd4 Rxd4 29. cxd4 Bxc1 30. Rxc1 Rxb2+ 31. Kf3 Rb8 32. d5 Kg7 33. Rc7 Ra8 34. d6 a3 35. d7 a2 36. Rc1 Rd8 37. Ra1 Rxd7 38. Rxa2 Rd3+ 39. Kf2 Rd4 40. g3 Kf6 41. Ra5 Re4 42. Kf3 Re5 43. Ra6+ Kf5 44. Ra7 f6 45. Ra4 Rc5 46. Rf4+ Ke5 47. Ra4 g5 48. hxg5 fxg5 49. Ra3 Kf5 50. g4+ hxg4+ 51. Kg3 Rc4 52. Ra5+ Kg6 53. Ra8 Rf4 54. Rb8 Rc4 55. Ra8 Re4 56. Rb8 Ra4 57. Rc8 Kh5 58. Rh8+ Kg6 59. Rc8 1/2-1/2

[Event "Wch Seniors 22nd"]
[Site "Kamena Vourla"]
[Date "2012.11.19"]
[Round "7"]
[White "Piasetski, Leon David"]
[Black "Kakageldyev, Amanmurad"]
[Result "1/2-1/2"]
[WhiteElo "2298"]
[BlackElo "2375"]
[PlyCount "104"]
[EventDate "2012.11.13"]
[EventType "swiss"]
[EventRounds "11"]
[EventCountry "GRE"]
[SourceTitle "CBM 151 Extra"]
[Source "ChessBase"]
[SourceDate "2012.12.18"]
[SourceVersion "1"]
[SourceVersionDate "2012.12.18"]
[SourceQuality "1"]

1. Nf3 g6 2. c4 Bg7 3. d4 d6 4. Nc3 Bg4 5. e3 c5 6. Be2 Nc6 7. d5 Bxf3 8. gxf3 Nb8 9. f4 Nf6 10. e4 Nbd7 11. Bf3 a6 12. a4 Qc7 13. Qe2 0-0-0 14. 0-0 e5 15. dxe6 fxe6 16. Bg2 Rhe8 17. Bh3 Kb8 18. a5 Nh5 19. Be3 Bh6 20. f5 Bxe3 21. fxe3 exf5 22. Nd5 Qc6 23. exf5 Ne5 24. f6 Rf8 25. Ra3 Qe8 26. Rb3 Nc6 27. Qd2 Qe5 28. Bg2 Rf7 29. Ne7 Nb4 30. Nd5 Nc6 31. Rb6 Rdd7 32. b4 cxb4 33. Nxb4 Nxb4 34. Rxb4 Nxf6 35. Qd4 Qxd4 36. exd4 Ng4 37. Bh3 Rxf1+ 38. Kxf1 Rf7+ 39. Ke2 Rf4 40. Bxg4 Rxg4 41. Ke3 Rg5 42. d5 Rg2 43. Rb1 Rxh2 44. Rf1 Ra2 45. Rf8+ Kc7 46. Rf7+ Kc8 47. Rf8+ Kd7 48. Rf7+ Ke8 49. Rxh7 Rxa5 50. Rxb7 Ra1 51. Rg7 a5 52. Rxg6 Kd7 1/2-1/2

[Event "Wch Seniors 22nd"]
[Site "Kamena Vourla"]
[Date "2012.11.17"]
[Round "5"]
[White "Kakageldyev, Amanmurad"]
[Black "Skalkotas, Nikolaos"]
[Result "1-0"]
[WhiteElo "2375"]
[BlackElo "2177"]
[PlyCount "89"]
[EventDate "2012.11.13"]
[EventType "swiss"]
[EventRounds "11"]
[EventCountry "GRE"]
[SourceTitle "CBM 151 Extra"]
[Source "ChessBase"]
[SourceDate "2012.12.18"]
[SourceVersion "1"]
[SourceVersionDate "2012.12.18"]
[SourceQuality "1"]

1. d4 Nf6 2. c4 e6 3. Nc3 Bb4 4. Qc2 0-0 5. a3 Bxc3+ 6. Qxc3 Ne4 7. Qc2 f5 8. e3 b6 9. Ne2 Bb7 10. Ng3 Qh4 11. Nxe4 fxe4 12. g3 Qg4 13. Bg2 d6 14. 0-0 Nd7 15. b4 Nf6 16. Bb2 Rf7 17. Rad1 Raf8 18. a4 Qh5 19. Rd2 Ng4 20. h3 Nf6 21. Qd1 Qg6 22. b5 h5 23. c5 Bd5 24. cxd6 cxd6 25. Ba3 Rd8 26. Qe2 Nh7 27. h4 Nf6 28. Bh3 Ne8 29. Rc1 Rf3 30. Rdc2 Qf6 31. Rc8 Kf7 32. Rxd8 Qxd8 33. Bg2 Rf5 34. Qc2 Qf6 35. Rf1 g5 36. Bxe4 gxh4 37. Bxf5 exf5 38. Qe2 Qg6 39. f3 hxg3 40. e4 Be6 41. d5 Bd7 42. e5 dxe5 43. Qxe5 Qf6 44. Re1 Qh4 45. Qe7+ 1-0

[Event "Wch Seniors 22nd"]
[Site "Kamena Vourla"]
[Date "2012.11.13"]
[Round "1"]
[White "Krstic, Slobodan"]
[Black "Kakageldyev, Amanmurad"]
[Result "0-1"]
[WhiteElo "2004"]
[BlackElo "2375"]
[PlyCount "42"]
[EventDate "2012.11.13"]
[EventType "swiss"]
[EventRounds "11"]
[EventCountry "GRE"]
[SourceTitle "CBM 151 Extra"]
[Source "ChessBase"]
[SourceDate "2012.12.18"]
[SourceVersion "1"]
[SourceVersionDate "2012.12.18"]
[SourceQuality "1"]

1. e4 g6 2. d4 Bg7 3. Nc3 d6 4. Be2 Nf6 5. h4 c5 6. dxc5 Qa5 7. Bd2 Qxc5 8. h5 gxh5 9. Bxh5 Nc6 10. Be2 d5 11. exd5 Nxd5 12. Rh5 Nxc3 13. bxc3 Qd6 14. Rb1 b6 15. Nf3 Be6 16. c4 Rd8 17. Rbb5 Nd4 18. Nxd4 Bxd4 19. Bd3 Bc5 20. Qe2 Qd4 21. Qf3 Bg4 0-1